Conflict and consensus in modern American history /

Bibliographic Details
Other Authors: Davis, Allen Freeman, 1931-, Woodman, Harold D.
Format: Book
Language:English
Published: Lexington, Mass. : D.C. Heath, [1980]
Edition:5th ed.
Subjects:

MARC

Tag First Indicator Second Indicator Subfields
LEADER 00000cam a2200000 a 4500
001 in00000628811
005 20151015062127.0
008 800115s1980 maua b 00000 eng
010 |a  79087633  
020 |a 0669024902 
035 |a (OCoLC)05990988 
035 |9 ACV8083AM 
040 |a DLC  |c DLC  |d m.c.  |d TXA  |d UtOrBLW 
043 |a n-us--- 
049 |a TXAM  |c [1270467] 
050 0 0 |a E661  |b .C72 1980 
082 0 |a 973.8 
245 0 0 |a Conflict and consensus in modern American history /  |c edited and with introductions by Allen F. Davis, Harold D. Woodman. 
250 |a 5th ed. 
264 1 |a Lexington, Mass. :  |b D.C. Heath,  |c [1980] 
264 4 |c ©1980 
300 |a xxvii, 537 pages :  |b illustrations ;  |c 24 cm. 
336 |a text  |b txt  |2 rdacontent 
337 |a unmediated  |b n  |2 rdamedia 
338 |a volume  |b nc  |2 rdacarrier 
504 |a Includes bibliographical references. 
651 0 |a United States  |x History  |y 1865- 
700 1 |a Davis, Allen Freeman,  |d 1931- 
700 1 |a Woodman, Harold D. 
999 |a MARS 
999 f f |s 74f51746-f921-392d-a304-d27fbfe6576c  |i 80d336cc-1842-327b-a2df-dd7138ae9326  |t 0 
952 f f |p ric  |a Texas A&M University  |b Rellis Campus  |c Joint Library Facility  |d Remote Storage  |t 0  |e E661 .C72 1980  |h Library of Congress classification  |i unmediated -- volume  |m A14802236272 
998 f f |a E661 .C72 1980  |t 0  |l Remote Storage